000 00350 a2200169 4500
001 186814
020 _a978-85-262-3594-6
040 _cMagnum
100 _aCervantes, Miguel de
240 1 0 _aDom quixote
_lpor
245 1 0 _aDom quixote
300 _a47
362 0 _a1999
440 1 _aScipione
697 _aLITERATURA INFANTO
942 _cBK
999 _c186814
_d186814